LEADER 01024cam0-22003131i-450- 001 990007071860403321 005 20070709123547.0 035 $a000707186 035 $aFED01000707186 035 $a(Aleph)000707186FED01 035 $a000707186 100 $a20020412d1984----km-y0itay50------ba 101 0 $aita 102 $aIT 105 $ay-------001yy 200 1 $aDescrizione dello stato antico ed attuale del contado di Molise$eopera$fdi Giuseppe Maria Galanti 210 $as.l.$cArnaldo Forni$d1984 215 $a2 T. in 1$d25 cm 225 1 $aHistoriae urbium et regionum Italiae rariores$hNuova serie II$v86 300 $aRist. fotomeccanica dell'ed. del 1781 676 $a945.719$v21$zita 700 1$aGalanti,$bGiuseppe Maria$f<1743-1806 >$036576 801 0$aIT$bUNINA$gRICA$2UNIMARC 901 $aBK 912 $a990007071860403321 952 $aCollez. 1965 (86)$b38652$fFSPBC 959 $aFSPBC 996 $aDescrizione dello stato antico ed attuale del contado di Molise$9294602 997 $aUNINA LEADER 01368cam0-22004331i-450- 001 990003838270403321 005 20100426115437.0 010 $a88-464-2608-8 035 $a000383827 035 $aFED01000383827 035 $a(Aleph)000383827FED01 035 $a000383827 100 $a20030910d2000----km-y0itay50------ba 101 0 $aita 102 $aIT 105 $ay-------001yy 200 1 $aAzione volontaria e processi di trasformazione del settore nonprofit$fCarlo Borzaga e Luca Fazzi 210 $aMilano$cFranco Angeli$d2000 215 $a201 p.$d25 cm 225 1 $aSociologia e politica sociale$hSez. 2$iRicerche$v11 320 $aContiene riferimenti bibl. (pp. 195-204) 610 0 $aOrganizzazioni senza scopo di lucro$aAssistenza sociale 610 0 $aServizio sociale volontario 676 $a361.763$v21$zita 676 $a361.37 700 1$aBorzaga,$bCarlo$f<1948- >$0116499 701 1$aFazzi,$bLuca$0125379 801 0$aIT$bUNINA$gRICA$2UNIMARC 901 $aBK 912 $a990003838270403321 952 $a361.763 BOR 1$b641$fBFS 952 $aCollez. 1960 (11)$b37410$fFSPBC 952 $aDPR 29/713$b19676$fDEC 952 $aDPR 29-709$b19478$fDEC 959 $aBFS 959 $aFSPBC 959 $aDEC 996 $aAzione volontaria e processi di trasformazione del settore nonprofit$9507061 997 $aUNINA LEADER 01220nam0-2200349li-450 001 990000150070203316 005 20180312154759.0 035 $a0015007 035 $aUSA010015007 035 $a(ALEPH)000015007USA01 035 $a0015007 100 $a2001994061976-------y0itay0103----ba 101 0 $aita 102 $aIT 200 1 $aEsercizi di scienza delle costruzioni completamente risolti$eprincipio dei lavori virtuali, teoremi sull'equilibrio elastico ...$fMichelangelo Flaccavento 210 $aTorino$cLibreria Tecnica EditriceDott. Ing. V. De Giorgio$d1976 610 1 $ascienza delle costruzioni esercizi 676 $a624.1$9. 700 1$aFlaccavento,$bMichelangelo$0332088 801 $aSistema bibliotecario di Ateneo dell' Università di Salerno$gRICA 912 $a990000150070203316 951 $a624.1 FLA (A)$b0002584 951 $a624.1 FLA (B)$b4659 Ing.$c624.1 959 $aBK 969 $aTEC 979 $c19940606 979 $c20001110$lUSA01$h1712 979 $c20020403$lUSA01$h1622 979 $aSIAV4$b10$c20031006$lUSA01$h1707 979 $aPATRY$b90$c20040406$lUSA01$h1611 996 $aEsercizi di scienza delle costruzioni completamente risolti$9111708 997 $aUNISA